La sociología del cambio y el cambio de la sociología / (Record no. 49566)

MARC details
000 -LEADER
campo de control de longitud fija 00706nam a2200217 i 4500
001 - NÚMERO DE CONTROL
campo de control 49566
003 - IDENTIFICADOR DE NÚMERO DE CONTROL
campo de control ES-MaACL
005 - FECHA Y HORA DE LA ÚLTIMA TRANSACCIÓN
campo de control 20251014063114.0
007 - CAMPO FIJO DE DESCRIPCIÓN FÍSICA--INFORMACIÓN GENERAL
campo de control de longitud fija t|
008 - DATOS DE LONGITUD FIJA--INFORMACIÓN GENERAL
campo de control de longitud fija 030718s1969 ag ||||1| spa d
100 1# - ENTRADA PRINCIPAL--NOMBRE DE PERSONA
Nombre de persona Pinto, Luiz de Aguiar Costa,
Fechas asociadas al nombre 1920-2002
9 (RLIN) 171922
245 13 - MENCIÓN DEL TÍTULO
Título La sociología del cambio y el cambio de la sociología /
Mención de responsabilidad, etc. Luis A. Costa Pinto ; [traducción por Oscar Uribe Villegas].
250 ## - MENCION DE EDICION
Mención de edición 3ª ed.
260 ## - PUBLICACIÓN, DISTRIBUCIÓN, ETC.
Lugar de publicación, distribución, etc. Buenos Aires :
Nombre del editor, distribuidor, etc. Eudeba,
Fecha de publicación, distribución, etc. 1969.
300 ## - DESCRIPCIÓN FÍSICA
Extensión 234 p. ;
Dimensiones 19 cm.
650 07 - PUNTO DE ACCESO ADICIONAL DE MATERIA--TÉRMINO DE MATERIA
Término de materia o nombre geográfico como elemento de entrada Cambio social
Fuente del encabezamiento o término embne
9 (RLIN) 10692
650 #7 - PUNTO DE ACCESO ADICIONAL DE MATERIA--TÉRMINO DE MATERIA
Término de materia o nombre geográfico como elemento de entrada Sociología
Fuente del encabezamiento o término embne
9 (RLIN) 17195
700 1# - ENTRADA AGREGADA--NOMBRE PERSONAL
Nombre de persona Uribe Villegas, Oscar.
9 (RLIN) 112167
852 ## - LOCALIZACIÓN
Ubicación ES-MaACL
Número de control de estantería E-8667
Holdings
Estatus retirado Estado de pérdida Estado de daño No para préstamo Biblioteca de origen Biblioteca actual Ubicación en estantería Fecha de adquisición Fuente de adquisición Total de préstamos Signatura topográfica completa Código de barras Visto por última vez Precio de reemplazo Tipo de ítem Koha
        Biblioteca del Ateneo de Madrid Biblioteca del Ateneo de Madrid Depósito 2 17/01/2008     E-8667 1052156 23/02/2023 23/02/2023 Libro impreso